| 000 -LEADER |
| fixed length control field |
00767cas a2200277 a 4500 |
| 001 - CONTROL NUMBER |
| control field |
11137975 |
| 005 - DATE AND TIME OF LATEST TRANSACTION |
| control field |
20180206083817.0 |
| 008 - FIXED-LENGTH DATA ELEMENTS--GENERAL INFORMATION |
| fixed length control field |
791221d19251925gw uu 0 0ger |
| 010 ## - LIBRARY OF CONGRESS CONTROL NUMBER |
| LC control number |
25011086 |
| Canceled/invalid LC control number |
sn 86026109 |
| 035 ## - SYSTEM CONTROL NUMBER |
| System control number |
(OCoLC)ocm05821542 |
| 040 ## - CATALOGING SOURCE |
| Original cataloging agency |
DLC |
| Language of cataloging |
eng |
| Transcribing agency |
CIN |
| Modifying agency |
IUL |
| -- |
DLC |
| -- |
OCLCQ |
| -- |
OCLCF |
| -- |
IUL |
| -- |
OCL |
| 041 ## - LANGUAGE CODE |
| Language code of text/sound track or separate title |
eng |
| 042 ## - AUTHENTICATION CODE |
| Authentication code |
pcc |
| -- |
premarc |
| 080 ## - UNIVERSAL DECIMAL CLASSIFICATION NUMBER |
| Universal Decimal Classification number |
78 |
| 100 ## - Rafti |
| Rafti |
45 will |
| 101 ## - Shkurtesa |
| Shkurtesa |
mus |
| 245 00 - TITLE STATEMENT |
| Title |
Von neuer Musik. |
| 362 0# - DATES OF PUBLICATION AND/OR SEQUENTIAL DESIGNATION |
| Dates of publication and/or sequential designation |
1925. |
| 504 ## - BIBLIOGRAPHY, ETC. NOTE |
| Bibliography, etc |
Includes section, "Versuch einer Bibliographie über neue Musik." |
| 515 ## - NUMBERING PECULIARITIES NOTE |
| Numbering peculiarities note |
No more published. |
| 590 ## - LOCAL NOTE (RLIN) |
| Local note |
SERBIB/SERLOC merged record |
| 648 #7 - SUBJECT ADDED ENTRY--CHRONOLOGICAL TERM |
| Chronological term |
1900-1999 |
| Source of heading or term |
fast |
| 906 ## - LOCAL DATA ELEMENT F, LDF (RLIN) |
| a |
7 |
| b |
cbc |
| c |
serials |
| d |
u |
| e |
ncip |
| f |
19 |
| g |
n-oclcserc |
| 942 ## - ADDED ENTRY ELEMENTS (KOHA) |
| Source of classification or shelving scheme |
|
| Item type |
Books |